000 00812nam a22002417a 4500
001 309
003 BD-RjUL
005 20211208233144.0
008 131117r19951991i d|||| |||| 001 0 eng d
020 _a8185198632
035 _a(BD-RjUL)326
040 _aBD-RjUL
_beng
_cBD-RjUL
041 _aeng
082 0 4 _219
_a005.1
_bJAI 1995
100 1 _aJalote, Pankaj
_9982
245 1 _aAn integrated approach to software engineering /
_cPankaj Jalote
260 _aNew Delhi :
_bNarosa Pub. House,
_cc1991 [reprinted 1991,1995].
300 _axiv, 375 p. :
_bill. ;
_c25 cm.
504 _aInclude index.
650 _2SLSH
_aSoftware engineering.
_9922
856 _3World Cat details
_uhttp://www.worldcat.org/title/integrated-approach-to-software-engineering/oclc/35669286&referer=brief_results
942 _2ddc
_cBK
999 _c309
_d309